Normal view
MARC view
- Cox, Doris
Entry Personal Name
001 - CONTROL NUMBER
- control field: 6186
003 - CONTROL NUMBER IDENTIFIER
- control field: OSt
005 - DATE AND TIME OF LATEST TRANSACTION
- control field: 20240326122817.0
008 - FIXED-LENGTH DATA ELEMENTS
- fixed length control field: 240326|| aca||aabn | a|a d
040 ## - CATALOGING SOURCE
- Original cataloging agency: OSt
- Transcribing agency: OSt
100 ## - HEADING--PERSONAL NAME
- Personal name: Cox, Doris
670 ## - SOURCE DATA FOUND
- Source citation: Work cat.: (OSt)5954: Cox, Doris ., Creative hands: An introduction to craft techniques / , 1959.
